An electro-capacitive measuring transducer for the process inspection of the cable capacitance per unit length in the process of production; Russian Journal of Nondestructive Testing; Vol. 51, iss. 2

Бібліографічні деталі
Parent link:Russian Journal of Nondestructive Testing
Vol. 51, iss. 2.— 2015.— [P. 86-93]
Автор: Goldstein (Goldshtein) A. E. Aleksandr Efremovich
Співавтор: Национальный исследовательский Томский политехнический университет Институт неразрушающего контроля Кафедра физических методов и приборов контроля качества
Інші автори: Vavilova G. V. Galina Vasilievna, Belyankov V. Yu. Vasily Yurjevich
Резюме:Title screen
The design of an electro-capacitive measuring transducer for the process inspection of the cable capacitance per unit length in the process of production is described. By analyzing the computer simulation results of the interaction of the electric field of the transducer and the electric cable on the COMSOL Multiphysics platform, the optimal design values of basic elements of the transducer are selected.
Режим доступа: по договору с организацией-держателем ресурса
Мова:Англійська
Опубліковано: 2015
Серія:Magnetic And Electrical Methods
Предмети:
Онлайн доступ:http://dx.doi.org/10.1134/S1061830915020047
Формат: Електронний ресурс Частина з книги
KOHA link:https://koha.lib.tpu.ru/cgi-bin/koha/opac-detail.pl?biblionumber=646778

MARC

LEADER 00000naa0a2200000 4500
001 646778
005 20250131104058.0
035 |a (RuTPU)RU\TPU\network\11914 
090 |a 646778 
100 |a 20160315d2015 k||y0rusy50 ba 
101 0 |a eng 
102 |a US 
135 |a drcn ---uucaa 
181 0 |a i  
182 0 |a b 
200 1 |a An electro-capacitive measuring transducer for the process inspection of the cable capacitance per unit length in the process of production  |f A. E. Goldstein (Goldshtein), G. V. Vavilova, V. Yu. Belyankov 
203 |a Text  |c electronic 
225 1 |a Magnetic And Electrical Methods 
300 |a Title screen 
320 |a [References: p. 93 (5 tit.)] 
330 |a The design of an electro-capacitive measuring transducer for the process inspection of the cable capacitance per unit length in the process of production is described. By analyzing the computer simulation results of the interaction of the electric field of the transducer and the electric cable on the COMSOL Multiphysics platform, the optimal design values of basic elements of the transducer are selected. 
333 |a Режим доступа: по договору с организацией-держателем ресурса 
461 |t Russian Journal of Nondestructive Testing 
463 |t Vol. 51, iss. 2  |v [P. 86-93]  |d 2015 
610 1 |a электронный ресурс 
610 1 |a труды учёных ТПУ 
610 1 |a электрические кабели 
610 1 |a емкость 
610 1 |a датчики 
610 1 |a компьютерное моделирование 
700 1 |a Goldstein (Goldshtein)  |b A. E.  |c Specialist in the field of non-destructive testing  |c Professor of Tomsk Polytechnic University, Doctor of technical sciences  |f 1954-  |g Aleksandr Efremovich  |3 (RuTPU)RU\TPU\pers\32322  |9 16296 
701 1 |a Vavilova  |b G. V.  |c specialist in the field of non-destructive testing  |c Head of Laboratory, Associate Professor of Tomsk Polytechnic University, Candidate of Technical Sciences  |f 1981-  |g Galina Vasilievna  |3 (RuTPU)RU\TPU\pers\32607  |9 16520 
701 1 |a Belyankov  |b V. Yu.  |g Vasily Yurjevich 
712 0 2 |a Национальный исследовательский Томский политехнический университет  |b Институт неразрушающего контроля  |b Кафедра физических методов и приборов контроля качества  |3 (RuTPU)RU\TPU\col\18709  |9 27162 
801 2 |a RU  |b 63413507  |c 20161109  |g RCR 
856 4 |u http://dx.doi.org/10.1134/S1061830915020047 
942 |c CF